Normal view
MARC view
- النقود- جوانب اقتصادية
Entry Topical Term
001 - CONTROL NUMBER
- control field: 13461
003 - CONTROL NUMBER IDENTIFIER
- control field: JO-AjAnu
005 - DATE AND TIME OF LATEST TRANSACTION
- control field: 20230606072443.0
008 - FIXED-LENGTH DATA ELEMENTS
- fixed length control field: 230606|| aca||aabn | a|a d
040 ## - CATALOGING SOURCE
- Original cataloging agency: JO-AjAnu
- Transcribing agency: JO-AjAnu
150 ## - HEADING--TOPICAL TERM
- Topical term or geographic name entry element: النقود- جوانب اقتصادية
670 ## - SOURCE DATA FOUND
- Source citation: Work cat.: (JO-AjAnu)6925: سلامة، رمزي/م.مشارك: محمود يونس ، عبد النعيم مبارك, author 13460, مبادىء في اقتصاديات النقود والبنوك